000 00777cam a2200205 i 4500
005 20251209121726.0
008 250721s2021 ua gr 000 0 ara d
020 _a9789778411638
082 1 4 _a216.2
_bع ب د
100 1 _aعبد، فراس محمد
_eمؤلف.
245 1 2 _aالأحكام التعبدية للسجين في الفقه الاسلامي :
_b(دراسة مقارنة ) /
_cتأليف الدكتور فراس محمد عبد.
250 _aالطبعة الأولى.
264 3 1 _aالقاهرة :
_bالمركز العربي لنشر والتوزيع،
_c2021.
300 _a327 صفحة.
650 1 7 _aالفقه الاسلامي.
650 1 7 _aالعبادة.
650 1 7 _aالسجناء.
942 _2ddc
_cBK
999 _c142670
_d142670